| Tag |
First Indicator |
Second Indicator |
Subfields |
| LEADER |
00000nam a2200000 4500 |
| 001 |
in00004197521 |
| 005 |
20200806085105.0 |
| 006 |
m g d |
| 007 |
cr bn |||a|bb| |
| 008 |
890815s1606 enk o o00 eng d |
| 035 |
|
|
|a (UnM)99893090
|
| 037 |
|
|
|a CL2105000001
|b ProQuest Information and Learning. 300 N. Zeeb Rd., Ann Arbor, MI 48106
|
| 040 |
|
|
|a Cu-RivES
|c Cu-RivES
|d CStRLIN
|d Cu-RivES
|e dcrb
|
| 110 |
1 |
|
|a England and Wales.
|b Sovereign (1603-1625 : James I)
|
| 245 |
1 |
0 |
|a Wee doe not doubt but that all our subiects (embracing the true religion professed in this Church of England ....
|
| 246 |
2 |
|
|a Wee doe not doubt but that all our subjects (embracing the true religion professed in this Church of England.
|
| 246 |
1 |
|
|i At head of title:
|a By the King
|
| 260 |
|
|
|a Imprinted at London :
|b By Robert Barker, printer to the Kings most excellent Maiestie.,
|c 1606.
|
| 300 |
|
|
|a 1 online resource (2 leaves.
|
| 336 |
|
|
|a text
|b txt
|2 rdacontent
|
| 337 |
|
|
|a computer
|b c
|2 rdamedia
|
| 338 |
|
|
|a online resource
|b cr
|2 rdacarrier
|
| 500 |
|
|
|a Expelling priests and Jesuits.
|
| 500 |
|
|
|a Title from opening words of text.
|
| 500 |
|
|
|a Dated at end: Greenwich the tenth day of Iune, in the fourth yeere of our reigne ..
|
| 500 |
|
|
|a Reproduction of original in the British Library.
|
| 510 |
4 |
|
|a STC (2nd edition)
|c 8393
|
| 510 |
4 |
|
|a Steele
|c 1034
|
| 510 |
4 |
|
|a Early English books tract supplement interim guide
|c 506.h.10[65]
|
| 533 |
|
|
|a Electronic reproduction.
|b Ann Arbor, Mich. :
|c UMI,
|d 1999-
|f (Early English books online)
|n Digital version of: (Early English books; Tract supplement ; C7:1[65])
|7 s1999 miun s
|
| 650 |
|
0 |
|a Jesuits
|z England
|x Legal status, laws, etc.
|v Early works to 1800.
|
| 650 |
|
0 |
|a Catholics
|z England
|x Legal status, laws, etc.
|v Early works to 1800.
|
| 700 |
0 |
|
|a James
|b I,
|c King of England,
|d 1566-1625.
|
| 830 |
|
0 |
|a Early English books online.
|
| 856 |
4 |
0 |
|u http://proxy.library.tamu.edu/login?url=https://search.proquest.com/docview/2240933920
|z Connect to the full text of this electronic book
|t 0
|
| 999 |
f |
f |
|s 43ce5127-545b-3571-a7ac-695241b7d5d0
|i e0dc0c92-46ca-3138-9a8e-f6bd64553bb5
|t 0
|
| 952 |
f |
f |
|a Texas A&M University
|b College Station
|c Electronic Resources
|d Available Online
|t 0
|h No information provided
|
| 998 |
f |
f |
|t 0
|l Available Online
|